Women in higher education : (Record no. 70413)

MARC details
000 -LEADER
campo de control de longitud fija 02135cam a22005414a 4500
001 - NÚMERO DE CONTROL
campo de control 51347
005 - FECHA Y HORA DE LA ÚLTIMA TRANSACCIÓN
campo de control 20230410124054.0
008 - DATOS DE LONGITUD FIJA--INFORMACIÓN GENERAL
campo de control de longitud fija 020719s2002 caua be 001 0 eng
010 ## - NÚMERO DE CONTROL DE LA BIBLIOTECA DEL CONGRESO
Número de control de LC 2002011570
035 ## - NÚMERO DE CONTROL DEL SISTEMA
Número de control de sistema (OCoLC)ocm50270350
040 ## - FUENTE DE CATALOGACIÓN
Centro catalogador/agencia de origen DLC
Centro/agencia transcriptor DLC
Centro/agencia modificador MUQ
-- VFY
-- BAKER
-- NLGGC
-- BTCTA
-- STF
-- UQ1
020 ## - NÚMERO INTERNACIONAL ESTÁNDAR DEL LIBRO
Número Internacional Estándar del Libro 1576076148 (alk. paper)
020 ## - NÚMERO INTERNACIONAL ESTÁNDAR DEL LIBRO
Número Internacional Estándar del Libro 9781576076149 (alk. paper)
029 1# - OTRO NÚMERO DE CONTROL DE SISTEMA (OCLC)
Identificador de la biblioteca OCLC NLGGC
Número de control de sistema 241092116
029 1# - OTRO NÚMERO DE CONTROL DE SISTEMA (OCLC)
Identificador de la biblioteca OCLC NZ1
Número de control de sistema 7072869
035 ## - NÚMERO DE CONTROL DEL SISTEMA
Número de control de sistema (OCoLC)50270350
042 ## - CÓDIGO DE AUTENTICACIÓN
Código de autenticación pcc
043 ## - CÓDIGO DE ÁREA GEOGRÁFICA
Código de área geográfica n-us---
050 14 - SIGNATURA TOPOGRÁFICA DE LA BIBLIOTECA DEL CONGRESO
Número de clasificación LC1568
Número de ítem W66 2002
082 00 - NÚMERO DE LA CLASIFICACIÓN DECIMAL DEWEY
Número de clasificación 378.1/982/03
Número de edición 21
082 00 - NÚMERO DE LA CLASIFICACIÓN DECIMAL DEWEY
Número de clasificación 78.1/982/03
Número de edición 21
084 ## - OTRO NÚMERO DE CLASIFICACIÓN
Número de clasificación 81.80
Fuente del número bcl
049 ## - FONDOS LOCALES (OCLC)
Biblioteca depositaria GRAL
245 00 - MENCIÓN DEL TÍTULO
Título Women in higher education :
Resto del título an encyclopedia /
Mención de responsabilidad, etc. Ana M. Martâinez Alemâan and Kristen A. Renn, editors.
260 ## - PUBLICACIÓN, DISTRIBUCIÓN, ETC.
Lugar de publicación, distribución, etc. Santa Barbara, Calif. :
Nombre del editor, distribuidor, etc. ABC-CLIO,
Fecha de publicación, distribución, etc. c2002.
300 ## - DESCRIPCIÓN FÍSICA
Extensión xxiv, 637 p. :
Otras características físicas ill. ;
Dimensiones 26 cm.
504 ## - NOTA DE BIBLIOGRAFÍA, ETC.
Nota de bibliografía, etc. Includes bibliographical references (p. 531-589) and index.
505 1# - NOTA DE CONTENIDO CON FORMATO
Nota de contenido con formato Historical and cultural contexts -- Gender theory and the academy -- Feminism in the academy -- Women in the curriculum -- Women and higher education policy -- Women students -- Women faculty -- Women administrators -- Women employees.
650 #0 - PUNTO DE ACCESO ADICIONAL DE MATERIA--TÉRMINO DE MATERIA
Término de materia o nombre geográfico como elemento de entrada Women in higher education
Subdivisión geográfica United States
Subdivisión de forma Encyclopedias.
650 #6 - PUNTO DE ACCESO ADICIONAL DE MATERIA--TÉRMINO DE MATERIA
Término de materia o nombre geográfico como elemento de entrada Femmes dans l'enseignement supâerieur
Subdivisión geográfica âEtats-Unis
Subdivisión de forma Encyclopâedies.
650 17 - PUNTO DE ACCESO ADICIONAL DE MATERIA--TÉRMINO DE MATERIA
Término de materia o nombre geográfico como elemento de entrada Vrouwen.
Fuente del encabezamiento o término gtt
650 17 - PUNTO DE ACCESO ADICIONAL DE MATERIA--TÉRMINO DE MATERIA
Término de materia o nombre geográfico como elemento de entrada Hoger onderwijs.
Fuente del encabezamiento o término gtt
650 17 - PUNTO DE ACCESO ADICIONAL DE MATERIA--TÉRMINO DE MATERIA
Término de materia o nombre geográfico como elemento de entrada Enseignement supâerieur
Fuente del encabezamiento o término rasuqam
650 17 - PUNTO DE ACCESO ADICIONAL DE MATERIA--TÉRMINO DE MATERIA
Término de materia o nombre geográfico como elemento de entrada Femme
Fuente del encabezamiento o término rasuqam
650 #7 - PUNTO DE ACCESO ADICIONAL DE MATERIA--TÉRMINO DE MATERIA
Término de materia o nombre geográfico como elemento de entrada Professeure universitaire
Fuente del encabezamiento o término rasuqam
650 #7 - PUNTO DE ACCESO ADICIONAL DE MATERIA--TÉRMINO DE MATERIA
Término de materia o nombre geográfico como elemento de entrada âEtudiante universitaire
Fuente del encabezamiento o término rasuqam
650 #7 - PUNTO DE ACCESO ADICIONAL DE MATERIA--TÉRMINO DE MATERIA
Término de materia o nombre geográfico como elemento de entrada Programme d'âetudes
Fuente del encabezamiento o término rasuqam
650 #7 - PUNTO DE ACCESO ADICIONAL DE MATERIA--TÉRMINO DE MATERIA
Término de materia o nombre geográfico como elemento de entrada Fâeminisme
Fuente del encabezamiento o término rasuqam
650 #7 - PUNTO DE ACCESO ADICIONAL DE MATERIA--TÉRMINO DE MATERIA
Término de materia o nombre geográfico como elemento de entrada Genre
Fuente del encabezamiento o término rasuqam
651 #7 - PUNTO DE ACCESO ADICIONAL DE MATERIA--NOMBRE GEOGRÁFICO
Nombre geográfico âEtats-Unis
Fuente del encabezamiento o término rasuqam
700 1# - ENTRADA AGREGADA--NOMBRE PERSONAL
Nombre de persona Martâinez Alemâan, Ana M.
700 1# - ENTRADA AGREGADA--NOMBRE PERSONAL
Nombre de persona Renn, Kristen A.
856 42 - LOCALIZACIÓN Y ACCESO ELECTRÓNICOS
Materiales especificados Publisher description
Identificador Uniforme de Recursos <a href="http://www.loc.gov/catdir/description/abcclio041/2002011570.html">http://www.loc.gov/catdir/description/abcclio041/2002011570.html</a>
938 ## -
-- Baker & Taylor
-- BKTY
-- 85.00
-- 63.75
-- 1576076148
-- 0003912928
-- active
938 ## -
-- Baker and Taylor
-- BTCP
-- 2002011570
942 ## - ELEMENTOS DE ENTRADA SECUNDARIOS (KOHA)
Fuente del sistema de clasificación o colocación Clasificación de Library of Congress
Tipo de ítem Koha
994 ## -
-- C0
-- DRFGD
Holdings
Estatus retirado Estado de pérdida Fuente del sistema de clasificación o colocación Estado de daño No para préstamo Colección Biblioteca de origen Biblioteca actual Ubicación en estantería Fecha de adquisición Serial enumeration / chronology Signatura topográfica completa Código de barras Visto por última vez Copia número Tipo de ítem Koha
    Clasificación de Library of Congress     Humanidades Biblioteca Juan Bosch Biblioteca Juan Bosch Humanidades (4to. Piso) 10/04/2023 3 LC1568 W66 2002 00000053108 25/10/2018 1